Deepseek给出的国内各省份最值得去的Top3城市 - Statistics

General Stats
  • This quiz has been taken 44 times
    38 since last reset
  • The average score is 79 of 84
Answer Stats
Hint Answer % Correct
福建 厦门
100%
福建 泉州
100%
福建 福州
100%
山东 泰安
100%
山东 济南
100%
云南 丽江
100%
四川 成都
100%
湖南 长沙
100%
广西 桂林
100%
广西 北海
100%
广西 南宁
100%
陕西 西安
100%
陕西 咸阳
100%
广东 广州
100%
广东 深圳
100%
浙江 杭州
100%
江西 南昌
100%
黑龙江 哈尔滨
100%
吉林 长春
100%
辽宁 大连
100%
辽宁 沈阳
100%
安徽 黄山
100%
江苏 苏州
100%
江苏 南京
100%
山东 青岛
97%
云南 大理
97%
湖南 张家界
97%
广东 珠海
97%
浙江 温州
97%
贵州 贵阳
97%
贵州 黔西南
97%
江西 九江
97%
西藏 拉萨
97%
黑龙江 大庆
97%
吉林 延边
97%
新疆 喀什
97%
内蒙古 呼伦贝尔
97%
台湾 台北
97%
台湾 高雄
97%
江苏 无锡
97%
湖北 武汉
97%
云南 昆明
94%
四川 阿坝
94%
湖南 湘西
94%
浙江 舟山
94%
贵州 黔东南
94%
河南 洛阳
94%
河南 开封
94%
河南 郑州
94%
海南 三亚
94%
海南 海口
94%
辽宁 丹东
94%
甘肃 嘉峪关
94%
青海 西宁
94%
宁夏 银川
94%
宁夏 吴忠
94%
河北 承德
94%
河北 秦皇岛
94%
西藏 林芝
92%
甘肃 酒泉
92%
内蒙古 呼和浩特
92%
山西 大同
92%
台湾 台中
92%
湖北 宜昌
92%
四川 乐山
89%
陕西 宝鸡
89%
江西 上饶
89%
吉林 吉林
89%
青海 海西
89%
宁夏 中卫
89%
安徽 池州
89%
西藏 日喀则
86%
甘肃 张掖
86%
河北 保定
86%
湖北 恩施
86%
青海 海南
83%
山西 晋中
83%
安徽 宣城
83%
山西 临汾
81%
内蒙古 赤峰
78%
黑龙江 牡丹江
75%
新疆 伊犁
75%
海南 琼海
72%
新疆 昌吉
69%
No matching quizzes found
Score Distribution
Percent of People with Each Score
Percentile by Number Answered
Your Score History
You have not taken this quiz since the last reset